00233nam a2200109Ia 4500008004100000041001200041082001100053100001400064245003300078260000600111650000600117221030s9999 xx 000 0 und d aEnglish a105.23 aP. Juliff 0aProgram Designcby P. Juliff c0 aB